| 000 | 01164nac a22003257a 4500 | ||
|---|---|---|---|
| 001 | BR8003396 | ||
| 003 | BR-BrBNA | ||
| 005 | 20240105114712.0 | ||
| 008 | 230509b bl.|||m| |||| 00| 0 por d | ||
| 040 |
_aBR-BrBNA _bpor _cBiblioteca Nacional de Agricultura |
||
| 072 | _aH20; F00 | ||
| 090 | _a2480 BR8003396 | ||
| 100 | 1 | _aLins, A.C.R. | |
| 100 | 1 | _aBrito, P.F.A. | |
| 110 | 1 |
_aUnidade de Execucao de Pesquisa de Ambito Estadual de Rio Branco, AC (Brasil) _910376 |
|
| 245 | 1 | _aAvaliacao de 7 clones de seringueira quanto ao mal das folhas na microrregiao Alto Purus - Acre [Hevea brasiliensis; Controle genetico; Comportamento de variedade; Plantio; Brasil] | |
| 260 | 3 |
_aRio Branco, AC (Brasil): _c1980. |
|
| 300 | _a2 p. | ||
| 490 |
_aPesquisa em Andamento - Unidade de Execucao de Pesquisa de Ambito Estadual de Rio Branco (Brazil) _vno. 2 _x |
||
| 650 | _aSeringueira | ||
| 650 | _aMal das folhas | ||
| 650 | _aControle genetico | ||
| 650 | _aComportamento de variedade | ||
| 650 | _aClone | ||
| 650 | _aPlantio | ||
| 650 | _aAlto Purus | ||
| 650 | _aAcre | ||
| 909 |
_a202312 _bLúcia Elande _c55 _dLúcia Elande |
||
| 942 |
_2AGRIS _n0 _cMS |
||
| 999 |
_c270833 _d270833 |
||